Detalles MARC
| 000 -LEADER |
| campo de control de longitud fija |
02473nam a22003857a 4500 |
| 001 - NÚMERO DE CONTROL |
| campo de control |
42835 |
| 003 - IDENTIFICADOR DE NÚMERO DE CONTROL |
| campo de control |
gtgccic |
| 005 - FECHA Y HORA DE LA ÚLTIMA TRANSACCIÓN |
| campo de control |
20260227123102.0 |
| 007 - CAMPO FIJO DE DESCRIPCIÓN FÍSICA--INFORMACIÓN GENERAL |
| campo de control de longitud fija |
ta |
| 008 - DATOS DE LONGITUD FIJA--INFORMACIÓN GENERAL |
| campo de control de longitud fija |
260227b gt ||||| |||| 00| 0 spa d |
| 040 ## - FUENTE DE CATALOGACIÓN |
| Centro catalogador/agencia de origen |
gtgccic |
| Lengua de catalogación |
spa |
| Centro/agencia transcriptor |
gtgccic |
| Normas de descripción |
rda |
| 084 ## - OTRO NÚMERO DE CLASIFICACIÓN |
| Número de control del registro de autoridad o número normalizado |
TPI-17-0134 |
| 100 10 - ENTRADA PRINCIPAL--NOMBRE DE PERSONA |
| Nombre de persona |
Aura Luz Cifuentes Reyes |
| Fechas asociadas al nombre |
Ingeniera en Ciencias y Sistemas |
| Término indicativo de función/relación |
autor |
| 245 10 - MENCIÓN DEL TÍTULO |
| Título |
Diseño e implementación de una plataforma WEB inteligente |
| Resto del título |
que diagnostica enfermedades eficientemente / |
| Mención de responsabilidad, etc. |
Cifuentes Reyes, Aura Luz |
| 264 #1 - PRODUCCIÓN, PUBLICACIÓN, DISTRIBUCIÓN, FABRICACIÓN Y COPYRIGHT |
| Producción, publicación, distribución, fabricación y copyright |
Guatemala : |
| Nombre del de productor, editor, distribuidor, fabricante |
USAC, Facultad de Ingeniería ; |
| Fecha de producción, publicación, distribución, fabricación o copyright |
2017.- |
| 300 ## - DESCRIPCIÓN FÍSICA |
| Extensión |
135 p. : |
| Otras características físicas |
il. ; |
| Dimensiones |
28 cm |
| 336 ## - TIPO DE CONTENIDO |
| Fuente |
rdacontenido |
| Término de tipo de contenido |
Texto |
| Código de tipo de contenido |
txt |
| 337 ## - TIPO DE MEDIO |
| Fuente |
rdamedio |
| Nombre/término del tipo de medio |
sin mediación |
| Código del tipo de medio |
n |
| 338 ## - TIPO DE SOPORTE |
| Fuente |
rdasoporte |
| Nombre/término del tipo de soporte |
volumen |
| Código del tipo de soporte |
nc |
| 502 ## - NOTA DE TESIS |
| Nota de tesis |
Tesis Postgrado |
| Tipo de título |
MAESTRA EN ARTES TECNOLOGÍAS DE LA INFORMACIÓN Y COMUNICACIÓN |
| Nombre de la institución que otorga el título |
USAC, Facultad de Ingeniería, Escuela de Postgrado |
| Año de obtención del título |
2017 |
| Identificador de la tesis |
TPI-17-0134 |
| 504 ## - NOTA DE BIBLIOGRAFÍA, ETC. |
| Nota de bibliografía, etc. Nota |
Bibliografía pag. 121 |
| 505 ## - NOTA DE CONTENIDO CON FORMATO |
| Título |
1. ANTECEDENTES |
| 505 ## - NOTA DE CONTENIDO CON FORMATO |
| Título |
2. JUSTIFICACIÓN |
| 505 ## - NOTA DE CONTENIDO CON FORMATO |
| Título |
3. ALCANCES INVESTIGATIVOS |
| 505 ## - NOTA DE CONTENIDO CON FORMATO |
| Título |
4. MARCO TEÓRICO inteligencia artificial |
| 505 ## - NOTA DE CONTENIDO CON FORMATO |
| Título |
5. MARCO METODOLÓGICO |
| 505 ## - NOTA DE CONTENIDO CON FORMATO |
| Título |
6. PRESENTACIÓN DE RESULTADOS<br/>Análisis y diseño prototipo de una plataforma WEB |
| 505 ## - NOTA DE CONTENIDO CON FORMATO |
| Título |
7. DISCUSIÓN DE RESULTADOS |
| 520 ## - RESUMEN, ETC. |
| Sumario, etc. |
Muchos usuarios al tener síntomas de alguna enfermedad, buscan en internet, provocando que se subestime o sobevalore el síntoma, a este proceso se le llama autodiagnóstico, para obtener un diagnóstico certero se necesita la opinión de un especialista en salud. Por ello, la utilización de un sistema experto que diagnostique enfermedades, logrando capturar el conocimientode un experto, a partir de la definición de reglas médicas. Esta competencia es empleada en un algoritmo de predicción para guiar al usuario a partir de la plataforma, teniendo acceso al sistema experto y obteniendo su perfil de estado de salud.<br/>Para lograr un eficiente diagnóstico de enfermedades, por medio de la plataforma, se incluyeron formularios que permiten actualizar la base de conocimiento que se transfiere del experto al sistema, para ello se usa el subsistema de adquisición de conocimiento que admite la definición de reglas con componentes de razonamiento que llevan a un diagnóstico. |
| 650 ## - PUNTO DE ACCESO ADICIONAL DE MATERIA--TÉRMINO DE MATERIA |
| Término de materia o nombre geográfico como elemento de entrada |
ATENCIÓN PRIMARIA DE LA SALUD |
| 650 ## - PUNTO DE ACCESO ADICIONAL DE MATERIA--TÉRMINO DE MATERIA |
| Término de materia o nombre geográfico como elemento de entrada |
SITIOS WEB |
| 700 ## - ENTRADA AGREGADA--NOMBRE PERSONAL |
| Nombre de persona |
Ing. Msc. Edwin Estuardo Zapeta Gómez |
| Término indicativo de función/relación |
asesor |
| 942 ## - ELEMENTOS DE ENTRADA SECUNDARIOS (KOHA) |
| Fuente de la clasificación o esquema de estantería |
Clasificación Decimal Dewey |
| Tipo de ítem Koha |
TESISPOSTGRADO |
| 945 ## - PROCESAMIENTO DE INFORMACIÓN LOCAL (OCLC) |
| a |
amlo |